000 00738nas a2200265 4500
001 BR9600245
003 BR-BrBNA
005 20231205094652.0
007 ta
008 230509b bl.|||p| |||| 00| 00por d
040 _aBR-BrBNA
_bpor
_cBiblioteca Nacional de Agricultura
041 _a(Pt)
072 _aF01; L02
100 1 _aAlvim, M.J.
100 1 _aBotrel, M. de A.
245 1 _aAveia e azevem, pastagens alternativas para o periodo da seca
650 _aBovino
650 _aAveia
650 _aAzevem
650 _aPlantio
650 _aNutricao Animal
773 0 _tRevista dos Criadores (Brazil)
_x
_g(Sep 1995), v. 65(788) p. 26-29
_wBR9600245
909 _a202311
_bLúcia
_c55
_dLúcia Elande
942 _2AGRIS
_n0
_cANA
999 _c146029
_d146029